| 000 | 03080cam a22004217a 4500 | ||
|---|---|---|---|
| 001 | 10336 | ||
| 003 | OSt | ||
| 005 | 20250918131218.0 | ||
| 008 | 090903s2010 nyua b 001 0 eng d | ||
| 010 | _a 2009936367 | ||
| 020 |
_a9780847833610 _qhc. |
||
| 020 |
_a0847833615 _qhc. |
||
| 035 | _a15892986 | ||
| 035 | _a(OCoLC)609610361 | ||
| 040 |
_aJAI _cJAI _dBTCTA _dYDXCP _dORX _dBWX _dTEF _dFDA _dCDX _dCUY _dTXI _dBDX _dDLC |
||
| 042 | _alccopycat | ||
| 050 | 0 | 0 |
_aNA2542 _b.M38 2010 |
| 082 | 0 | 4 |
_a720.9 MAY _222 _b10336 |
| 100 | 1 |
_aMay, John, _d1950- |
|
| 245 | 1 | 0 |
_aBuildings without architects : _ba global guide to everyday architecture / _cJohn May. |
| 260 |
_aNew York : _bRizzoli, _cc2010. |
||
| 300 |
_a192 p. : _bill. (some col.) ; _c22 cm. |
||
| 336 |
_atext _btxt _2rdacontent |
||
| 337 |
_aunmediated _bn _2rdamedia |
||
| 338 |
_avolume _bnc _2rdacarrier |
||
| 500 | _aThe book is a global survey of vernacular and indigenous architectural styles. It is richly illustrated with photographs and diagrams. | ||
| 504 | _aIncludes bibliographical references (p. 186-187) and index. | ||
| 505 | 0 | _aForeword / Anthony Reid -- Gallery of building media -- Introduction / John May -- From Dutch windmills to German barns -- From Mediterranean caves to Bedouin tents -- From Japanese Minka to Toda huts -- From Zulu indlu to the "Venice of Africa" -- From the plains tipi to frontier log cabins -- From chattel houses to Urus Reed houses -- From Balinese kuren to Maori meetinghouses -- Modern vernacular architecture. | |
| 520 | _a"This small but comprehensive book documents the rich cultural past of vernacular building styles, from Irish sod houses to sub-Saharan wattle-and-daub huts and redwoods treehouses. It offers inspiration for home woodworking enthusiasts as well as architects, conservationists, and anyone interested in energy-efficient building and sustainability. The variety and ingenuity of the world's vernacular building traditions are richly illustrated, and the materials and techniques are explored. With examples from every continent, the book documents the diverse methods people have used to create shelter from locally available natural materials, and shows the impressively handmade finished products through diagrams, cross-sections, and photographs. Unlike modern buildings that rely on industrially produced materials and specialized tools and techniques, the everyday architecture featured here represents a rapidly disappearing genre of handcrafted and beautifully composed structures that are irretrievably of their place. These structures are the work of unsung and often anonymous builders that combine artistic beauty, practical form, and necessity. | ||
| 650 | 0 |
_aArchitecture _xHistory. |
|
| 650 | 0 | _a Design and construction | |
| 650 | 0 | _abuilding styles | |
| 650 | 0 | _aVernacular Tradition | |
| 906 |
_a7 _bcbc _ccopycat _d2 _encip _f20 _gy-gencatlg |
||
| 942 |
_2ddc _cBK _n0 |
||
| 999 |
_c10939 _d10939 |
||